000 00336nam a22001453 4500
001 206856
005 20250702095251.0
090 _a206856
100 _a20250702 ukry50
101 _aukr
102 _aUA
200 _a
210 _d2025
801 _2unimarc
_aUA
_gpsbo
942 _cNEWSPAPER